Anything but South Sudan Quiz Stats

 Plays Quiz Updated Feb 11, 2014

Support Sporcle.
Go Orange.
Score 0/27 Timer 05:00
13 Plays Today
% Correct
Somalia
91.1%
Somalia
91.1%
South Korea
85.5%
South Africa
80.1%
Kenya
78.6%
Sudan
77.5%
Rwanda
76.8%
Dem Rep of the Congo
74%
Dem Rep of the Congo
74%
Tanzania
67.7%
Benin
66.6%
Indonesia (Jakarta)
65.1%
Gabon
59.4%
Cameroon
54.8%
% Correct
Guinea-Bissau
49.6%
Equatorial Guinea
43.7%
Solomon Islands
42.2%
Nigeria
41.2%
Israel (Jerusalem)
37.9%
Papua New Guinea
36.5%
Dominican Republic
35.6%
Montenegro (2006)
35.4%
Serbia (2000)
34.1%
Timor-Leste (2002)
29.9%
Switzerland (2002)
18.3%
Romania
16%
Tuvalu (2000)
12.8%

You're not logged in!

Compare scores with friends on all Sporcle quizzes.
OR
Log In

From the Vault

Cover the Alphabet - Oceanian Countries

by PenguinsMeercats

This quiz covers a lot of ground. Or... maybe water.
Remove Ads.
Support Sporcle.
Get the best of Sporcle when you Go Orange. This ad-free experience offers more features, more stats, and more fun while also helping to support Sporcle. Thank you for becoming a member.

Show Comments

Extras

Top Quizzes Today


Score Distribution

Your Account Isn't Verified!

In order to create a playlist on Sporcle, you need to verify the email address you used during registration. Go to your Sporcle Settings to finish the process.

Report this User

Report this user for behavior that violates our Community Guidelines.

Details: